Jim Henson's Fraggle Rock Theme Song Lyric - Statistics

General Stats
  • This quiz has been taken 15 times
  • The average score is 33 of 58
Answer Stats
Answer % Correct
your
93%
away
86%
cares
86%
Dance
86%
another
79%
day
79%
Down
79%
for
79%
Fraggle
79%
Rock
79%
the
79%
away
71%
cares
71%
in
71%
Let
71%
music
71%
play,
71%
your
71%
another
64%
day
64%
for
64%
Let
64%
the
64%
Work
64%
Worry's
64%
Dancing's
57%
play
57%
Fraggle
50%
Fraggles
50%
Gobo
50%
Rock
50%
We're
50%
another
43%
away
43%
cares
43%
Dance
43%
day
43%
Down
43%
Down
43%
Down
43%
for
43%
Fraggle
43%
Fraggle
43%
Let
43%
Mokey
43%
music
43%
play
43%
Rock
43%
Rock
43%
the
43%
your
43%
at
36%
at
36%
at
36%
Boober
36%
Red
36%
Worry's
36%
Wembley
29%
No matching quizzes found
Score Distribution
Percent of People with Each Score
Percentile by Number Answered
Your Score History
You have not taken this quiz